• 首页
  • 本馆介绍
  • 公告通知
  • 最新文献
  • 馆藏检索
  • 电子资源
  • 读者导购
  • 参考咨询
  • 我的图书馆
  • 登录
  • 详细信息显示
  • 放入我的书架
  • 预约/预借图书
  • 作者相关作品
  • 分类相关作品
  • 丛书相关作品
  • 出版社相关作品

书目信息

  • 表格格式
  • 工作单格式
  • 卡片格式
题名:
工程制图习题集
    
 
作者: 河南省工程图学学会 组编
分册:  
出版信息: 北京   高等教育出版社  2018.7
页数: 0页
开本: 37cm
丛书名:
单 册:
中图分类: TB23-44
科图分类:
主题词: 工程制图--高等学校--习题集
电子资源:
ISBN: 978-7-04-049931-5
000 01414nam0 2200229 450
001 012018128151
005 20200517032621.6
010    @a978-7-04-049931-5@dCNY32.10
100    @a20200517d2018 em y0chiy0110 ea
101 0  @achi
102    @aCN@b110000
105    @af z 000zy
106    @ar
200 1  @a工程制图习题集@9Gong Cheng Zhi Tu Xi Ti Ji @f河南省工程图学学会组编
210    @a北京@c高等教育出版社@d2018.7
215    @a0页@d37cm
330    @a本习题集与赵建国等主编的《工程制图》(第三版)配套使用。本套教材是在前两版的基础上,汲取了近年来的教学经验及部分兄弟院校对前两版的使用意见,根据教育部高等学校工程图学课程教学指导委员会于2015年制订的《普通高等学校工程图学课程教学基本要求》、与制图相关的最新国家标准和AutoCAD 2017软件,以及本课程教学改革的发展趋势修订而成的。本习题集的内容和编排顺序与配套教材体系完全一致。主要内容有制图的基本知识和技能、投影基础、基本立体及其表面交线、组合体、轴测图、工程形体的表达方法、标准件和常用件、机械图样、房屋建筑图简介、展开图、焊接图和标高投影图及计算机绘图(二维绘图、三维建模)等。本习题集可作为高等工科院校近机类、非机类各专业(40~80学时)教材,也可作为成人教育、高职高专院校相关专业及网络远程教育的教材,还可供工程技术人员和自学者参考。
606 0  @a工程制图@x高等学校@x习题集
690 0  @aTB23-44@v5
701  0 @a河南省工程图学学会@9He Nan Sheng Gong Cheng Tu Xue Xue Hui @4组编
801  0 @aCN@bAiZhi_CIP@c20210905
905    @aBZT@dTB23@e30@f1@sTB23/30
    
    工程制图习题集/河南省工程图学学会组编.-北京:高等教育出版社,2018.7
    0页;37cm
    
    
    ISBN 978-7-04-049931-5:CNY32.10
    本习题集与赵建国等主编的《工程制图》(第三版)配套使用。本套教材是在前两版的基础上,汲取了近年来的教学经验及部分兄弟院校对前两版的使用意见,根据教育部高等学校工程图学课程教学指导委员会于2015年制订的《普通高等学校工程图学课程教学基本要求》、与制图相关的最新国家标准和AutoCAD 2017软件,以及本课程教学改革的发展趋势修订而成的。本习题集的内容和编排顺序与配套教材体系完全一致。主要内容有制图的基本知识和技能、投影基础、基本立体及其表面交线、组合体、轴测图、工程形体的表达方法、标准件和常用件、机械图样、房屋建筑图简介、展开图、焊接图和标高投影图及计算机绘图(二维绘图、三维建模)等。本习题集可作为高等工科院校近机类、非机类各专业(40~80学时)教材,也可作为成人教育、高职高专院校相关专业及网络远程教育的教材,还可供工程技术人员和自学者参考。
●
相关链接 在五车中查询图书 在当当中查询图书 在豆瓣中查询图书


正题名:工程制图习题集     索取号:TB23/30         预约/预借

序号 登录号 条形码 馆藏地/架位号 状态 备注
1 2000010013   2000010013   旧书回溯/ [索取号:TB23/30] 在馆    
山东省滨州职业学院图书馆 欢迎您!
大连网信软件有限公司© 版权所有